00399nam a2200121Ia 4500008004100000245009700041260002400138260000900162300000700171650002300178650001200201856006400213170516s9999 xx 000 0 und d 3aAn overview of pathway prediction tools for synthetic design of microbial chemical factories bAIMS Bioengineering c2015 a:1 xMedical Technology xMedtech uhttp://www.aimspress.com/journal/Bioengineering/2015/1.html